000 00711nam a2200229Ia 4500
003 GCL
008 140319s9999 xx 000 0 ara d
040 _aGCL /
_cGCL
082 0 4 _aد
_b050
100 1 _aعزت قرنى
245 1 0 _aالفلسفة المعاصرة فى اوروبا ( عالم المعرفة 165 ) /
_cعزت قرنى
700 1 _aبوشنسكى ، ا . م
300 _a415 ص
490 _aعالم المعرفة
_v0
650 0 4 _aالوجودية
650 0 4 _aالفلسفة الحديثة
650 0 4 _aالفلسفة الغربية
650 0 4 _aالماهيويه
650 0 4 _aالمادية (فلسفة)
650 0 4 _aالفلسفة, المثالية
942 _2ddc
_cBK
999 _c50310
_d50310